| 000 | 00829nam a22002297a 4500 | ||
|---|---|---|---|
| 999 |
_c20786 _d20786 |
||
| 003 | AR-CdUCM | ||
| 008 | 190605b ||||| |||| 00| 0 spa d | ||
| 040 |
_aMUNICIPALIDAD PROVINCIAL DEL CUSCO _cBIBLIOTECA MUNICIPAL DEL CUSCO |
||
| 082 |
_a373.199 / _bM81 |
||
| 100 |
_aMolina E, Sergio _943411 |
||
| 245 |
_aPlanificación integral del turismo : _bUn enfoque para Latinoamérica / |
||
| 260 |
_aMéxico : _bTrillas, _c1991. |
||
| 300 |
_a104 páginas ; _c31 cm. |
||
| 440 |
_aTrillas turismo _916322 |
||
| 505 | _aContenido : Evolución económica y social de Latinoamérica -- Papel del turismo en el proceso evolutivo de Latinoamérica... | ||
| 650 |
_aTurismo _94560 |
||
| 650 |
_aPlanificación _96254 |
||
| 650 |
_aEstrategia _922888 |
||
| 700 |
_aRodríguez A, Sergio _928812 |
||
| 942 |
_2ddc _cLIBROS |
||
| 945 | _arcc | ||